Renewable Energy for Food Processing (Record no. 644513)

MARC details
000 -LEADER
fixed length control field 00287nam a22001217a 4500
020 ## - INTERNATIONAL STANDARD BOOK NUMBER
ISBN 9781666888614
082 ## - DEWEY DECIMAL CLASSIFICATION NUMBER
Classification number 621.042
Item number MIC.R
100 ## - MAIN ENTRY--AUTHOR NAME
Personal name Michael,Lloyd
245 ## - TITLE STATEMENT
Title Renewable Energy for Food Processing
260 ## - PUBLICATION, DISTRIBUTION, ETC. (IMPRINT)
Place of publication USA:
Name of publisher Kaufman Press,
Year of publication 2022.
300 ## - PHYSICAL DESCRIPTION
Number of Pages 312 p.
942 ## - ADDED ENTRY ELEMENTS (KOHA)
Koha item type Book
Holdings
Withdrawn status Lost status Damaged status Not for loan Home Library Current Location Date acquired Full call number Accession Number Price effective from Koha item type
        Campus Library Kariavattom Campus Library Kariavattom 24/05/2022 621.042 MIC.R UCL32593 24/05/2022 Book